Bulgaria : Technical Assistance Report-Bank Supervision.

This Technical Assistance report on Bulgaria reviews the formalization and implementation of a comprehensive Supervisory and Review and Evaluation Process (SREP) that includes an explicit and detailed supervisory Pillar 2 capital requirement. The paper highlights that unsound banking practices or re...

詳細記述

書誌詳細
団体著者: International Monetary Fund. Monetary and Capital Markets Department
フォーマット: 雑誌
言語:English
出版事項: Washington, D.C. : International Monetary Fund, 2019.
シリーズ:IMF Staff Country Reports; Country Report ; No. 2019/142
オンライン・アクセス:Full text available on IMF
LEADER 02337cas a2200241 a 4500
001 AALejournalIMF019352
008 230101c9999 xx r poo 0 0eng d
020 |c 5.00 USD 
020 |z 9781498316439 
022 |a 1934-7685 
040 |a BD-DhAAL  |c BD-DhAAL 
110 2 |a International Monetary Fund.  |b Monetary and Capital Markets Department. 
245 1 0 |a Bulgaria :   |b Technical Assistance Report-Bank Supervision. 
264 1 |a Washington, D.C. :  |b International Monetary Fund,  |c 2019. 
300 |a 1 online resource (28 pages) 
490 1 |a IMF Staff Country Reports 
500 |a <strong>Off-Campus Access:</strong> No User ID or Password Required 
500 |a <strong>On-Campus Access:</strong> No User ID or Password Required 
506 |a Electronic access restricted to authorized BRAC University faculty, staff and students 
520 3 |a This Technical Assistance report on Bulgaria reviews the formalization and implementation of a comprehensive Supervisory and Review and Evaluation Process (SREP) that includes an explicit and detailed supervisory Pillar 2 capital requirement. The paper highlights that unsound banking practices or regulatory breaches cannot be compensated by complementary capital charges. Loan loss provisions and capital charges for loans created as a result of such practices cannot be created and judged on the basis of the common standards. Banking Supervision Department has developed a methodology for the combined risk assessment and subsequent definition of an additional capital requirement for credit risk. Individual outcomes of the top-down stress tests carried out by the Macroprudential Supervision and Financial Stability Directorate can make a valuable contribution to the SREP. It allows the assessment of the quality of internal control in the institution and its capacity to timely produce complete and reliable data. While capital positions globally are adequate, and soundness indicators have improved, partly as a result of the 2016 Asset Quality Review, nonperforming loans remain high in Bulgaria, with notable differences between the banks. 
538 |a Mode of access: Internet 
830 0 |a IMF Staff Country Reports; Country Report ;  |v No. 2019/142 
856 4 0 |z Full text available on IMF  |u http://elibrary.imf.org/view/journals/002/2019/142/002.2019.issue-142-en.xml  |z IMF e-Library